|
|
|
|
| LEADER |
01078nam a2200277 a 4500 |
| 001 |
c000049924 |
| 003 |
CARM |
| 005 |
19950703000000.0 |
| 008 |
730924s1973 at a 001 0 eng d |
| 019 |
1 |
|
|a 395564
|z 24230397
|5 LACONCORD2021
|
| 020 |
|
|
|a 0959903909 :
|c $8.75 Aust.
|
| 035 |
|
|
|a (OCoLC)723231
|5 LACONCORD2021
|
| 040 |
|
|
|a ANB
|b eng
|c ANB
|d ABN-SNR
|
| 042 |
|
|
|a anuc
|
| 043 |
|
|
|a u-at-ne
|
| 082 |
0 |
4 |
|a 658.809/070573/0994/4/1
|
| 100 |
1 |
|
|a Brodsky, Isadore.
|
| 245 |
1 |
0 |
|a Sydney's phantom book shops /
|c [by] Isadore Brodsky.
|
| 260 |
|
|
|a Sydney :
|b University Co-operative Bookshop Limited,
|c 1973.
|
| 300 |
|
|
|a 144p. :
|b ill.(part col.) ;
|c 26cm.
|
| 500 |
|
|
|a Bookshops & bookselling. History. Sydney (ANB/PRECIS SIN 60017364x)
|
| 500 |
|
|
|a Index.
|
| 650 |
|
0 |
|a Booksellers and bookselling
|z New South Wales
|z Sydney
|x History.
|
| 852 |
8 |
|
|b CARM
|h A2:AD11C1
|i D01249
|p 0084160
|f BK
|
| 999 |
f |
f |
|i b911bd00-3970-50f4-949a-25cf8a83ee1e
|s 70ff0c4b-dc2d-542d-83d7-72d486025b6d
|
| 952 |
f |
f |
|p Can circulate
|a CAVAL
|b CAVAL
|c CAVAL
|d CARM 1 Store
|e D01249
|f A2:AD11C1
|h Other scheme
|i book
|m 0084160
|